000 00581ntaaa2200181 4500
003 01
005 20251027202230.0
008 0714s1973 ag 01
040 _aAR-BaBN
_bspa
_cAR-BaBN
_eaacr
_dRIC
082 _a268.1000 M31
245 _aManual de organización y administración de la escuela cristiana de vacaciones
250 _a1 ed.
260 _aMéxico,
_c1941
300 _a33 p
500 _aCopiado de la segunda edición del trabajo publicado en México por la Secretaría de Educación Cristiana.A máquina
650 _aescuela bíblica de vacaciones
942 _cBK
999 _c17179
_d17179